Catálogo Biblioteca Central

Género y corrupción en el sector público (Registro nro. 134431)

Detalles MARC
000 -CABECERA
campo de control de longitud fija 00632naa a2200205 4500
001 - NÚMERO DE CONTROL
campo de control 134431
003 - IDENTIFICADOR DEL NÚMERO DE CONTROL
campo de control ES-MaBCM
005 - FECHA Y HORA DE LA ÚLTIMA TRANSACCIÓN
campo de control 20241016182734.0
008 - CÓDIGOS DE INFORMACIÓN DE LONGITUD FIJA
campo de control de longitud fija 060901s2004 esp|r0p 0 ||spa d
021 ## -
-- xx
035 ## - NÚMERO DE CONTROL DEL SISTEMA
Número de control de sistema (OCoLC)1374264613
040 ## - FUENTE DE LA CATALOGACIÓN
Centro transcriptor ES-MaBCM
100 1# - PUNTO DE ACCESO PRINCIPAL - NOMBRE DE PERSONA
Nombre de persona Mukherjee, Ranjana
9 (RLIN) 74727
245 10 - MENCIÓN DE TÍTULO
Título Género y corrupción en el sector público
Mención de responsabilidad etc. Ranjana Mukherjee, Omer Gokcekus
650 27 - PUNTO DE ACCESO ADICIONAL DE MATERIA--TÉRMINO DE MATERIA
Término de materia o nombre geográfico como elemento inicial Corrupción
9 (RLIN) 58157
650 27 - PUNTO DE ACCESO ADICIONAL DE MATERIA--TÉRMINO DE MATERIA
Término de materia o nombre geográfico como elemento inicial Administración pública
9 (RLIN) 57460
700 1# - PUNTO DE ACCESO ADICIONAL--NOMBRE DE PERSONA
Nombre de persona Gokcekus, Omer
9 (RLIN) 74728
773 0# - ENLACE AL DOCUMENTO FUENTE
Encabezamiento principal En:
Título Informe global de la corrupción
Lugar editor y fecha de publicación Barcelona
Número de control del registro relacionado 105645
Parte(s) relacionada(s) (2004), p. 415-418
942 ## - ELEMENTOS DE PUNTO DE ACCESO ADICIONAL (KOHA)
Tipo de ítem Koha Artículos de revistas
Existencias
Estado de retiro Estado de pérdida Estado dañado No para préstamo Localización permanente Ubicación/localización actual Fecha de adquisición Precio válido a partir de Tipo de ítem Koha
        Biblioteca Central del Ministerio de la Presidencia Biblioteca Central del Ministerio de la Presidencia 21/04/2012 21/04/2012 Artículos de revistas